TOP 10 des coupes de cheveux que les femmes préfèrent chez les hommes - Statistiques

Statistiques générales
  • Ce quiz a été pris 170 fois
  • Le résultat moyen est 3 sur 10
Statistiques - réponses
TOP Coupes % Correct
2 Taper
73%
4 Buzz cut
63%
8 Mullet
48%
1 Curly
26%
10 Chauve
22%
3 queu de cheval
9%
9 Plaqué
8%
6 Tresses plaqué
5%
5 Pompadur
3%
7 Mèches colorés
2%
Aucun quiz correspondant
Distribution des résultats
% des personnes avec chaque résultat
Percentile par nombre de réponses
Votre historique - résultats
Vous n’avez pas pris ce quiz